Politika českého kniežaťa Břetislava I. (1035-1055) voči Uhorsku

Bibliographic Details
Main Author: Lysý, Miroslav, 1979- (Author)
Format: Article
Language:Slovak
ISSN:0018-2575
Subjects:

MARC

LEADER 00000nab a2200000 a 4500
001 vtls000890917
003 SK-MaSNL
005 20260305031238.0
008 250429c2004 xo |||p|||ab |00 b|slo
015 |a SNBRB2004/11  |2 snkbucl 
035 |a urn:nbn:sk:snk-ab7ygh 
035 |a (urnnbn)urn:nbn:sk:snk:ar-004w3x 
035 |a (uuid)53032f05-9db9-493d-8013-121c6915f5bc 
038 |a SNKBUCL 
040 |a SNKBUCL  |b slo  |c SNKBUCL  |e AACR2 
041 0 |a slo  |b ger 
044 |a xo  |c SK 
080 |a 94(437.1/.2)-051  |x "10"  |2 1997 
080 |a 94(439.2)  |x "1035/1055"  |2 1997 
080 |a 94(437.1/.2)  |x "1035/1055"  |2 1997 
100 1 |a Lysý, Miroslav,  |d 1979-  |4 aut  |9 28581 
245 1 0 |a Politika českého kniežaťa Břetislava I. (1035-1055) voči Uhorsku  |c Miroslav Lysý 
504 |a Bibliogr. odkazy a pozn. 
504 |a Res. nem. 
600 0 7 |a Břetislav  |b I.,  |c české knieža,  |d ?1005-1055  |x zahraničná poilitika  |2 snkbucl  |9 1608977 
648 7 |a 1035-1055  |2 snkbucl  |9 1608978 
648 7 |a 11. stor., 30.-50. r.  |2 snkbucl  |9 1608979 
650 0 7 |a zahraničná politika  |2 snkbucl  |9 971 
651 7 |a Uhorsko  |x dejiny  |2 snkbucl  |9 56334 
651 7 |a Česko  |x dejiny  |2 snkbucl  |9 58420 
773 0 |t Historický časopis  |g Roč. 52, č. 3 (2004)  |x 0018-2575 
850 |a Slovenská národná knižnica 
852 |a Slovenská národná knižnica 
954 |a odborná, vedecká literatúra pôvodná (slovenská)  |2 lita 
958 |a article9 
958 |a OND 
958 |a NB 
958 |a CZ 
958 |a EUIPO 
999 |c 3315413  |d 3317343